Nanotechnology and the environment / (Record no. 532229)

000 -LEADER
fixed length control field 01961cam a2200325 a 4500
001 - CONTROL NUMBER
control field 15276809
003 - CONTROL NUMBER IDENTIFIER
control field NUST
005 - DATE AND TIME OF LATEST TRANSACTION
control field 20191113174718.0
008 - FIXED-LENGTH DATA ELEMENTS--GENERAL INFORMATION
fixed length control field 080425s2009 flua b 001 0 eng
010 ## - LIBRARY OF CONGRESS CONTROL NUMBER
LC control number 2008019075
020 ## - INTERNATIONAL STANDARD BOOK NUMBER
International Standard Book Number 9781420060195 (alk. paper)
020 ## - INTERNATIONAL STANDARD BOOK NUMBER
International Standard Book Number 1420060198 (alk. paper)
035 ## - SYSTEM CONTROL NUMBER
System control number (OCoLC)226911750
Canceled/invalid control number (OCoLC)148877519
035 ## - SYSTEM CONTROL NUMBER
System control number (OCoLC)ocn226911750
038 ## - RECORD CONTENT LICENSOR
Staff Name M.Ramzan
040 ## - CATALOGING SOURCE
Original cataloging agency DLC
Transcribing agency DLC
Modifying agency UKM
-- YDXCP
-- BTCTA
-- BAKER
-- C#P
-- BWX
-- CDX
-- SDB
-- DLC
050 00 - LIBRARY OF CONGRESS CALL NUMBER
Classification number T174.7
Item number .N373193 2009
082 00 - DEWEY DECIMAL CLASSIFICATION NUMBER
Classification number 620/.5
Edition number 22
Author Mark SEL
245 00 - TITLE STATEMENT
Title Nanotechnology and the environment /
Statement of responsibility, etc. Kathleen Sellers ... [et al.].
260 ## - PUBLICATION, DISTRIBUTION, ETC.
Place of publication, distribution, etc. Boca Raton :
Name of publisher, distributor, etc. CRC Press,
Date of publication, distribution, etc. c2009.
300 ## - PHYSICAL DESCRIPTION
Extent xi, 281 p. :
Other physical details ill. ;
Dimensions 24 cm.
504 ## - BIBLIOGRAPHY, ETC. NOTE
Bibliography, etc. note Includes bibliographical references and index.
505 00 - FORMATTED CONTENTS NOTE
Title Nanoscale materials: definition and properties /
Statement of responsibility Kathleen Sellers --
Title Overview of manufacturing processes /
Statement of responsibility Julie Chen, Kathleen Sellers --
Title Developing environmental regulations pertinent to nanotechnology /
Statement of responsibility Lynn L. Bergeson --
Title Analyses of nanoparticles in the environment /
Statement of responsibility Marilyn Hoyt --
Title Environmental fate and transport /
Statement of responsibility Chris E. Mackay, Kim M. Henry --
Title Treatment of nanoparticles in wastewater /
Statement of responsibility Kim M. Henry, Kathleen Sellers --
Miscellaneous information The
Title potential ecological hazard of nanomaterials /
Statement of responsibility Stephen R. Clough --
Title Toxicology and risk assessment /
Statement of responsibility Chris E. Mackay, Jane Hamblen --
Title Nanoparticle use in pollution control /
Statement of responsibility Kathleen Sellers --
Title Balancing the risks and rewards /
Statement of responsibility Kathleen Sellers.
650 #0 - SUBJECT ADDED ENTRY--TOPICAL TERM
Topical term or geographic name entry element Nanotechnology
General subdivision Environmental aspects.
9 (RLIN) 3323
700 1# - ADDED ENTRY--PERSONAL NAME
Personal name Sellers, Kathleen.
9 (RLIN) 6483
856 41 - ELECTRONIC LOCATION AND ACCESS
Materials specified Table of contents only
Uniform Resource Identifier <a href="http://www.loc.gov/catdir/toc/ecip0817/2008019075.html">http://www.loc.gov/catdir/toc/ecip0817/2008019075.html</a>
906 ## - LOCAL DATA ELEMENT F, LDF (RLIN)
a 7
b cbc
c orignew
d 1
e ecip
f 20
g y-gencatlg
942 ## - ADDED ENTRY ELEMENTS (KOHA)
Source of classification or shelving scheme
Koha item type Book
Holdings
Withdrawn status Lost status Source of classification or shelving scheme Damaged status Not for loan Permanent Location Current Location Date acquired Total Checkouts Full call number Barcode Date last seen Price effective from Koha item type
          School of Civil and Environmental Engineering (SCEE) School of Civil and Environmental Engineering (SCEE) 11/13/2019   620.5 SEL NIT-9988 03/14/2023 11/13/2019 Book
© 2023 Central Library, National University of Sciences and Technology. All Rights Reserved.